[Event "Liga Insular Gran Canaria Preferente"]
[Site "Las Palmas"]
[Date "2019.03.09"]
[Round "2.4"]
[White "Monzon Aleman, Ayoze"]
[Black "Suarez Fleitas, Alberto"]
[Result "1-0"]
[WhiteElo "1684"]
[BlackElo "1423"]
[PlyCount "92"]
[EventDate "2019.03.02"]
[EventType "team-tourn"]
[EventRounds "9"]
[EventCountry "ESP"]
[SourceTitle "EXT 2021"]
[Source "ChessBase"]
[SourceDate "2020.10.23"]
[SourceVersion "1"]
[SourceVersionDate "2020.10.23"]
[SourceQuality "1"]
[WhiteTeam "Grandama"]
[BlackTeam "Maspalomas"]
[WhiteTeamCountry "ESP"]
[BlackTeamCountry "ESP"]

1. e4 e6 2. d4 d5 3. exd5 exd5 4. Nf3 Nf6 5. h3 Be7 6. Bd3 0-0 7. Nc3 b6 8. 0-0 Bb7 9. Bf4 Bd6 10. Ne5 a6 11. Bg5 Be7 12. Qd2 Nc6 13. Nxc6 Bxc6 14. Be3 Bb7 15. Be2 c5 16. Rad1 Qd7 17. Rfe1 Rfd8 18. f3 Rac8 19. Bf1 Bf8 20. Kh1 g6 21. Bg5 Bg7 22. Ne2 Qc6 23. c3 Re8 24. a3 Nd7 25. Bh6 Nf8 26. Bxg7 Kxg7 27. Nf4 Ne6 28. Nxe6+ Rxe6 29. Rxe6 Qxe6 30. Re1 Qf6 31. Re5 Qd6 32. Qe1 Rd8 33. f4 cxd4 34. cxd4 Rc8 35. Bd3 Qc6 36. Kh2 Qa4 37. Qe3 a5 38. Re7 Qc6 39. h4 Kf8 40. h5 Re8 41. Qe5 Rd8 42. hxg6 hxg6 43. f5 gxf5 44. Bxf5 Qh6+ 45. Kg1 Ba8 46. Bh3 Qd6 1-0

[Event "Las Palmas Insular-chT Segunda 1718"]
[Site "Las Palmas"]
[Date "2017.11.25"]
[Round "3.2"]
[White "Suarez Fleitas, Alberto"]
[Black "Guerra Aleman, Marcial"]
[Result "0-1"]
[WhiteElo "1416"]
[BlackElo "1671"]
[PlyCount "126"]
[EventDate "2017.10.28"]
[EventType "team-swiss"]
[EventRounds "9"]
[EventCountry "ESP"]
[SourceTitle "EXT 2019"]
[Source "ChessBase"]
[SourceDate "2018.10.10"]
[SourceVersion "1"]
[SourceVersionDate "2018.10.10"]
[SourceQuality "1"]
[WhiteTeam "Maspalomas II"]
[BlackTeam "Puerto Santa Lucia"]
[WhiteTeamCountry "ESP"]
[BlackTeamCountry "ESP"]

1. e4 d6 2. d4 Nf6 3. Bd3 g6 4. Nf3 Bg7 5. 0-0 0-0 6. Bf4 Nbd7 7. Nbd2 c5 8. c3 b6 9. Re1 Bb7 10. Rc1 e5 11. Bg5 h6 12. Bxf6 Bxf6 13. Nc4 Qc7 14. dxe5 dxe5 15. Ne3 Bg7 16. Nd5 Bxd5 17. exd5 c4 18. Be4 Qd6 19. Nd2 b5 20. g3 Nc5 21. b4 Nd3 22. Bxd3 cxd3 23. Qf3 Rfd8 24. Qxd3 Qxd5 25. Qxd5 Rxd5 26. Ne4 f5 27. Nc5 Rd2 28. a4 a6 29. axb5 axb5 30. Ne6 Raa2 31. Nxg7 Kxg7 32. Ra1 Rac2 33. Rac1 Kf6 34. Rxc2 Rxc2 35. Re3 Rc1+ 36. Kg2 Ke6 37. f3 Rc2+ 38. Kg1 Rd2 39. h4 Kd5 40. Kf1 e4 41. fxe4+ fxe4 42. Ke1 Rg2 43. Kf1 Rc2 44. Ke1 Ke5 45. Kd1 Rg2 46. Ke1 g5 47. hxg5 hxg5 48. Kf1 Rc2 49. Ke1 Kd5 50. Kd1 Rf2 51. Ke1 Rf3 52. Ke2 Rxe3+ 53. Kxe3 Kc4 54. Kxe4 Kxc3 55. Kf5 Kxb4 56. Kxg5 Kc5 57. Kf6 b4 58. g4 b3 59. g5 b2 60. g6 b1Q 61. g7 Qf1+ 62. Kg6 Qg2+ 63. Kf7 Qf3+ 0-1

[Event "Las Palmas Insular-chT Primera-A"]
[Site "Las Palmas"]
[Date "2014.01.25"]
[Round "7.4"]
[White "Mena Trujillo, Yeray"]
[Black "Suarez Fleitas, Alberto"]
[Result "1-0"]
[WhiteElo "1811"]
[BlackElo "1472"]
[PlyCount "31"]
[EventDate "2013.11.09"]
[EventType "team-tourn"]
[EventRounds "14"]
[EventCountry "ESP"]
[SourceTitle "EXT 2015"]
[Source "ChessBase"]
[SourceDate "2014.11.20"]
[SourceVersion "1"]
[SourceVersionDate "2014.11.20"]
[SourceQuality "1"]
[WhiteTeam "Tirajana"]
[BlackTeam "Maspalomas "]
[WhiteTeamCountry "ESP"]
[BlackTeamCountry "ESP"]

1. e4 e6 2. Nf3 d5 3. e5 c5 4. b4 cxb4 5. a3 Nc6 6. axb4 Bxb4 7. c3 Ba5 8. d4 Nge7 9. Bd3 0-0 10. Bxh7+ Kh8 11. Ng5 g6 12. Qg4 Qe8 13. Qh3 Kg7 14. Bg8 Rxg8 15. Qh7+ Kf8 16. Nxe6+ 1-0

[Event "Maspalomas IRT-B 6th"]
[Site "San Bartolome de Tirajana"]
[Date "2013.07.23"]
[Round "4"]
[White "Suarez Fleitas, Alberto"]
[Black "Perez Cardona, Jose Fernando"]
[Result "0-1"]
[WhiteElo "1462"]
[BlackElo "1471"]
[PlyCount "54"]
[EventDate "2013.07.16"]
[EventType "tourn"]
[EventRounds "7"]
[EventCountry "ESP"]
[SourceTitle "EXT 2015"]
[Source "ChessBase"]
[SourceDate "2014.11.20"]
[SourceVersion "1"]
[SourceVersionDate "2014.11.20"]
[SourceQuality "1"]

1. e4 e5 2. Nf3 Nf6 3. d3 Nc6 4. Bg5 Be7 5. Be2 d5 6. exd5 Nxd5 7. Bxe7 Qxe7 8. 0-0 0-0 9. Qd2 Bg4 10. Re1 Qf6 11. Nc3 Nxc3 12. Qxc3 Rfe8 13. Nd2 Bf5 14. a4 Qg6 15. Bf3 Bd7 16. b4 a6 17. b5 axb5 18. axb5 Rxa1 19. Rxa1 Nd4 20. Qxc7 Bxb5 21. Re1 Nxf3+ 22. Nxf3 Bc6 23. Nh4 Qg4 24. g3 g5 25. f3 Qd4+ 26. Kf1 gxh4 27. gxh4 Qxh4 0-1

[Event "ESP-ch 77th"]
[Site "San Agustin"]
[Date "2012.10.04"]
[Round "6"]
[White "Suarez Fleitas, Alberto"]
[Black "Garceran Izquierdo, Ruben"]
[Result "1/2-1/2"]
[WhiteElo "1426"]
[BlackElo "1719"]
[PlyCount "88"]
[EventDate "2012.09.29"]
[EventType "swiss"]
[EventRounds "9"]
[EventCountry "ESP"]
[SourceTitle "EXT 2014"]
[Source "ChessBase"]
[SourceDate "2013.11.20"]
[SourceVersion "1"]
[SourceVersionDate "2013.11.20"]
[SourceQuality "1"]

1. e4 d5 2. exd5 Qxd5 3. d4 Nc6 4. c3 Nf6 5. Nd2 Bf5 6. Ngf3 Be4 7. Nxe4 Qxe4+ 8. Qe2 e6 9. Qxe4 Nxe4 10. Be3 Nd6 11. Bd3 Be7 12. 0-0 0-0 13. Nd2 Rad8 14. f4 Rfe8 15. Rae1 Nf5 16. Bf2 Bd6 17. g3 Nce7 18. Nc4 b5 19. Nxd6 Nxd6 20. Re5 a6 21. Rfe1 Ng6 22. R5e2 Nf8 23. b3 Nd7 24. c4 Nf6 25. Re5 Nd7 26. R5e2 Nf6 27. h3 h5 28. Re5 c6 29. Rc5 Rc8 30. cxb5 cxb5 31. Rec1 g6 32. Rc6 Rxc6 33. Rxc6 Nde4 34. Rxa6 Nxf2 35. Kxf2 b4 36. Rb6 Nd5 37. Rb5 Ra8 38. Bc4 Rxa2+ 39. Kf3 Rd2 40. Bxd5 exd5 41. Rxb4 Rd3+ 42. Kg2 f5 43. Rb8+ Kf7 44. Rb7+ Kf6 1/2-1/2

[Event "ESP-ch 77th"]
[Site "San Agustin"]
[Date "2012.09.30"]
[Round "2"]
[White "Suarez Fleitas, Alberto"]
[Black "Cruz Ramirez, Nauzet"]
[Result "0-1"]
[WhiteElo "1426"]
[BlackElo "1760"]
[PlyCount "126"]
[EventDate "2012.09.29"]
[EventType "swiss"]
[EventRounds "9"]
[EventCountry "ESP"]
[SourceTitle "EXT 2014"]
[Source "ChessBase"]
[SourceDate "2013.11.20"]
[SourceVersion "1"]
[SourceVersionDate "2013.11.20"]
[SourceQuality "1"]

1. e4 c5 2. Nf3 e6 3. d4 cxd4 4. Nxd4 a6 5. Bd3 d6 6. 0-0 Nf6 7. Bg5 Be7 8. Nc3 0-0 9. a4 b6 10. Qd2 Bb7 11. f3 Nbd7 12. Na2 d5 13. exd5 Nxd5 14. Bxe7 Qxe7 15. c4 N5f6 16. b3 Rad8 17. Qe3 Nc5 18. Bc2 Qc7 19. Rad1 Rfe8 20. Nc3 e5 21. Nf5 Ne6 22. Rxd8 Rxd8 23. Re1 Nd4 24. Qg5 Nxf5 25. Qxf5 Qc5+ 26. Kf1 Rd2 27. Re2 Qd4 28. Rxd2 Qxd2 29. Qxe5 Nd7 30. Qc7 Nf8 31. Qxb7 Qxc3 32. Qe4 g6 33. Qd3 Qe5 34. g3 Ne6 35. b4 Qa1+ 36. Qd1 Qc3 37. b5 axb5 38. cxb5 Nc5 39. Kg2 Qb2 40. Kf1 Qc3 41. Qd8+ Kg7 42. Qd1 Qc4+ 43. Qe2 Qc3 44. Qd1 h5 45. Kf2 Ne6 46. Qd3 Qc5+ 47. Kg2 h4 48. f4 hxg3 49. hxg3 Nd4 50. Bb1 Qb4 51. Bc2 Qb2 52. Kh3 Nxc2 53. Qd6 Qd4 54. Qc7 Qf2 55. Qe5+ Kh7 56. Qe7 Qf1+ 57. Kh2 Qc4 58. Qh4+ Kg7 59. Qd8 Qe2+ 60. Kh3 Qe6+ 61. Kh2 Ne3 62. Qd4+ Kh7 63. Qb2 Nc4 0-1

[Event "Maspalomas-B 5th"]
[Site "Maspalomas"]
[Date "2012.08.25"]
[Round "2.3"]
[White "Perez Hernandez, Juan Manuel"]
[Black "Suarez Fleitas, Alberto"]
[Result "0-1"]
[WhiteElo "1623"]
[BlackElo "1423"]
[PlyCount "32"]
[EventDate "2012.08.24"]
[EventType "swiss"]
[EventRounds "5"]
[EventCountry "ESP"]
[SourceTitle "EXT 2024"]
[Source "ChessBase"]
[SourceDate "2023.10.10"]
[SourceVersion "1"]
[SourceVersionDate "2023.10.10"]
[SourceQuality "1"]

1. e4 e6 2. d4 d5 3. e5 c5 4. Nf3 Nc6 5. Bb5 Qa5+ 6. Nc3 Nge7 7. Bxc6+ Nxc6 8. Bd2 Qb6 9. dxc5 Bxc5 10. 0-0 Qxb2 11. Qb1 Qxb1 12. Raxb1 f6 13. exf6 gxf6 14. Ne2 Rg8 15. Nf4 Ne5 16. Nh5 Nxf3+ 0-1

[Event "Gran Canaria Vecinos op 3rd"]
[Site "Gran Canaria"]
[Date "2012.08.23"]
[Round "7"]
[White "Suarez Fleitas, Alberto"]
[Black "Suarez Buceta, Melquiades"]
[Result "0-1"]
[WhiteElo "1423"]
[BlackElo "1315"]
[PlyCount "82"]
[EventDate "2012.08.13"]
[EventType "swiss"]
[EventRounds "7"]
[EventCountry "ESP"]
[SourceTitle "CBM 150 Extra"]
[Source "ChessBase"]
[SourceDate "2012.10.19"]
[SourceVersion "1"]
[SourceVersionDate "2012.10.19"]
[SourceQuality "1"]

1. e4 c5 2. Nf3 Nc6 3. d4 cxd4 4. Nxd4 Nf6 5. Nxc6 bxc6 6. Bd3 d5 7. exd5 cxd5 8. 0-0 e6 9. Bg5 Be7 10. Nd2 0-0 11. Nb3 h6 12. Bh4 Bb7 13. c3 Re8 14. Qe2 a5 15. f4 Nd7 16. Bxe7 Rxe7 17. Qf2 Qe8 18. Rae1 f6 19. Nd4 Nc5 20. Bb5 Qf7 21. Qe3 Ne4 22. c4 Rc8 23. cxd5 Bxd5 24. Bd3 Nc5 25. Nb5 Rc6 26. Rc1 Nxd3 27. Qxd3 Rxc1 28. Rxc1 Bxa2 29. Nd6 Rc7 30. Nxf7 Rxc1+ 31. Kf2 Kxf7 32. Qd7+ Kg6 33. Qa4 Bd5 34. h3 Rc4 35. Qe8+ Kh7 36. h4 Rc2+ 37. Ke3 Rxb2 38. h5 Rxg2 39. Qf7 a4 40. f5 a3 41. fxe6 a2 0-1

[Event "Gran Canaria Vecinos op 3rd"]
[Site "Gran Canaria"]
[Date "2012.08.13"]
[Round "1"]
[White "Suarez Fleitas, Alberto"]
[Black "Cruz Pino, Adrian"]
[Result "0-1"]
[WhiteElo "1423"]
[BlackElo "2007"]
[PlyCount "64"]
[EventDate "2012.08.13"]
[EventType "swiss"]
[EventRounds "7"]
[EventCountry "ESP"]
[SourceTitle "CBM 150 Extra"]
[Source "ChessBase"]
[SourceDate "2012.10.19"]
[SourceVersion "1"]
[SourceVersionDate "2012.10.19"]
[SourceQuality "1"]

1. e4 c5 2. Nf3 d6 3. d4 cxd4 4. Nxd4 Nf6 5. Nc3 a6 6. Bg5 e6 7. Be2 h6 8. Bh4 Be7 9. 0-0 0-0 10. Bg3 Qc7 11. Kh1 Nc6 12. Qd2 Ne5 13. f4 Nc4 14. Bxc4 Qxc4 15. Qd3 Qc7 16. Nf3 Nd7 17. Rad1 b5 18. Rfe1 Nc5 19. Qd4 Bb7 20. a3 Rfd8 21. Re2 Rac8 22. Qe3 Nd7 23. Red2 Nb6 24. Rd3 Nc4 25. Qc1 Bf6 26. e5 dxe5 27. Rxd8+ Bxd8 28. Nxe5 Nxe5 29. fxe5 Qc6 30. Rd2 Bg5 31. Qd1 Bxd2 32. Qxd2 a5 0-1

[Event "Las Palmas Montalvo Memorial 5th"]
[Site "Las Palmas"]
[Date "2012.04.06"]
[Round "6"]
[White "Suarez Fleitas, Alberto"]
[Black "Porretti Garcia, Guido"]
[Result "1/2-1/2"]
[WhiteElo "1441"]
[BlackElo "1314"]
[PlyCount "69"]
[EventDate "2012.04.02"]
[EventType "swiss"]
[EventRounds "9"]
[EventCountry "ESP"]
[SourceTitle "CBM 147 Extra"]
[Source "ChessBase"]
[SourceDate "2012.04.24"]
[SourceVersion "1"]
[SourceVersionDate "2012.04.24"]
[SourceQuality "1"]

1. e4 c6 2. d4 g6 3. Nf3 d5 4. exd5 cxd5 5. c3 Bg4 6. Be2 Nf6 7. 0-0 Bg7 8. h3 Bf5 9. Bf4 0-0 10. Bd3 Bxd3 11. Qxd3 e6 12. Nbd2 Nbd7 13. Rfe1 Qb6 14. Qc2 Rac8 15. Qb3 Qxb3 16. axb3 a6 17. Ne5 Nxe5 18. Bxe5 Nd7 19. Bxg7 Kxg7 20. Rac1 Rfe8 21. Nf3 f6 22. Rcd1 Rcd8 23. Rd2 e5 24. dxe5 Nxe5 25. Nxe5 Rxe5 26. Red1 Kf7 27. Kf1 Ke6 28. Rd4 Rd7 29. R1d3 Re4 30. Rxe4+ dxe4 31. Rxd7 Kxd7 32. Ke2 Ke6 33. Ke3 f5 34. Kd4 Kd6 35. c4 1/2-1/2

[Event "Las Palmas Insular-chT Pref"]
[Site "Las Palmas"]
[Date "2012.01.21"]
[Round "6.4"]
[White "Suarez Fleitas, Alberto"]
[Black "De la Hoz Sanchez, Ruben"]
[Result "0-1"]
[WhiteElo "1433"]
[BlackElo "2008"]
[PlyCount "40"]
[EventDate "2011.11.12"]
[EventType "team-tourn"]
[EventRounds "14"]
[EventCountry "ESP"]
[SourceTitle "EXT 2013"]
[Source "ChessBase"]
[SourceDate "2012.11.22"]
[SourceVersion "1"]
[SourceVersionDate "2012.11.22"]
[SourceQuality "1"]
[WhiteTeam "Maspalomas"]
[BlackTeam "Canarias Vecindario"]
[WhiteTeamCountry "ESP"]
[BlackTeamCountry "ESP"]

1. e4 Nf6 2. Nc3 d5 3. exd5 Nxd5 4. Nxd5 Qxd5 5. Nf3 Bg4 6. Be2 Nc6 7. d3 0-0-0 8. Be3 e5 9. h3 Bh5 10. Qd2 e4 11. Ng5 Bxe2 12. Kxe2 exd3+ 13. Qxd3 Qe5 14. Nf3 Rxd3 15. Nxe5 Rxe3+ 16. Kxe3 Nxe5 17. b3 Bc5+ 18. Ke2 Re8 19. Rhf1 Ng4+ 20. Kf3 Nh2+ 0-1

[Event "Vecindario op 1st"]
[Site "Vecindario"]
[Date "2011.12.27"]
[Round "1"]
[White "Cruz Pino, Adrian"]
[Black "Suarez Fleitas, Alberto"]
[Result "1/2-1/2"]
[WhiteElo "1960"]
[BlackElo "1433"]
[PlyCount "68"]
[EventDate "2011.12.27"]
[EventType "swiss"]
[EventRounds "7"]
[EventCountry "ESP"]
[SourceTitle "CBM 146 Extra"]
[Source "ChessBase"]
[SourceDate "2012.02.29"]
[SourceVersion "1"]
[SourceVersionDate "2012.02.29"]
[SourceQuality "1"]

1. Nf3 e6 2. d3 d5 3. g3 Nf6 4. Bg2 Be7 5. 0-0 0-0 6. Nbd2 b6 7. b3 Bb7 8. Bb2 Nbd7 9. Re1 c5 10. e3 Qc7 11. Qe2 Rac8 12. h3 Rfe8 13. Nh2 h6 14. Kh1 g6 15. Rg1 Kh7 16. Raf1 Rf8 17. e4 dxe4 18. dxe4 Qd8 19. Bc1 Ng8 20. Rd1 Qc7 21. Rge1 Bf6 22. Kg1 Rcd8 23. Nhf3 Ne5 24. Nxe5 Bxe5 25. Nf3 Bc3 26. Rf1 Rxd1 27. Rxd1 Bf6 28. Qe3 Rd8 29. Re1 Qe7 30. Bf1 Bg7 31. Bd3 Nf6 32. Nd2 Nd7 33. Kh2 Bd4 34. Qe2 Ne5 1/2-1/2

[Event "Gran Canaria-ch U16"]
[Site "Famara"]
[Date "2011.04.01"]
[Round "4.6"]
[White "Martin Gonzalez, Alejandro"]
[Black "Suarez Fleitas, Alberto"]
[Result "0-1"]
[WhiteElo "2165"]
[BlackElo "1466"]
[PlyCount "84"]
[EventDate "2011.03.25"]
[EventType "swiss"]
[EventRounds "6"]
[EventCountry "ESP"]
[SourceTitle "EXT 2024"]
[Source "ChessBase"]
[SourceDate "2023.10.10"]
[SourceVersion "1"]
[SourceVersionDate "2023.10.10"]
[SourceQuality "1"]

1. e4 e6 2. d4 d5 3. e5 c5 4. Nf3 a6 5. b3 Nc6 6. Be3 cxd4 7. Bxd4 Nge7 8. c4 Nf5 9. c5 Nfxd4 10. Nxd4 Nxe5 11. b4 a5 12. Bb5+ Bd7 13. Qa4 axb4 14. Bxd7+ Nxd7 15. Qxb4 Qa5 16. Qxa5 Rxa5 17. Nc3 Bxc5 18. Nb3 Ra8 19. Nb5 0-0 20. 0-0 b6 21. Rfd1 Nf6 22. Kf1 Ng4 23. Nxc5 bxc5 24. h3 Nf6 25. a4 Ra5 26. Nd6 Rb8 27. Rdb1 Rb4 28. Rxb4 cxb4 29. Rc1 Ra8 30. Nb7 Ne4 31. Nc5 Nc3 32. Ra1 Ra5 33. Nb3 Rxa4 34. Rxa4 Nxa4 35. Ke2 Kf8 36. f3 Ke7 37. Kd3 Kd6 38. Kd4 e5+ 39. Kd3 Nc5+ 40. Nxc5 Kxc5 41. Kc2 Kc4 42. g4 e4 0-1